| 000 | 00381nam a2200157Ia 4500 | ||
|---|---|---|---|
| 003 | 0STCL | ||
| 008 | 150530s9999 xx 000 0 und d | ||
| 040 |
_aSTCL _cSTCL |
||
| 100 | _aBacon; Vickers; Editor | ||
| 245 | _aFrancis Bacon and renaissance prose | ||
| 260 |
_bUniversity press _c1968 |
||
| 546 | _aEnglish | ||
| 942 |
_2ddc _cBK |
||
| 999 |
_c60316 _d60316 |
||
| 005 | 20220125171133.0 | ||